Fifth interim report by the government actuay (Record no. 418596)

000 -LEADER
fixed length control field 00332cam a22001097a 4500
008 - FIXED-LENGTH DATA ELEMENTS--GENERAL INFORMATION
fixed length control field 180718b1956 xxu||||| |||| 00| 0 eng d
082 ## - DEWEY DECIMAL CLASSIFICATION NUMBER
Classification number Q503x42 Un3r 5
100 ## - MAIN ENTRY--PERSONAL NAME
Personal name Brooke, Henry
245 ## - TITLE STATEMENT
Title Fifth interim report by the government actuay
Statement of responsibility, etc. by Henry Brooke
260 ## - PUBLICATION, DISTRIBUTION, ETC.
Place of publication, distribution, etc. London
Name of publisher, distributor, etc. Her Majesty's Stationery Office
Date of publication, distribution, etc. 1956
300 ## - PHYSICAL DESCRIPTION
Extent 41p.
Holdings
Withdrawn status Lost status Damaged status Not for loan Permanent Location Current Location Date acquired Full call number Barcode Date last seen Price effective from Koha item type
        Indian Institute of Public Administration Indian Institute of Public Administration 2009-06-22 Q503x42 Un3r 5 3486 2018-07-21 2018-07-21 Book

Powered by Koha